000 01105nam a2200301 a 4500
001 000115762
003 CHAP
005 20220329144547.0
008 190703s2018 mx |sm |||||||spa d
010 _a112223
011 _a113195
040 _cCHAP
090 _aTesis
100 1 _aAgudelo López, Mónica Andrea.
_9136363
245 1 0 _aCapital social y estrategias de valorización colectivas en quesos artesanales mexicanos
_h[En línea]
_cpor Mónica Andrea Agudelo López.
260 _aChapingo, Méx. :
_bEl autor,
_c2018.
500 _aPara ver el contenido del material haga clic en la liga
502 _aTesis (Ph. D. en Problemas Económicos Agroindustriales) -- UACH. CIESTAAM.
590 _aE5765TAJ
_b05
_c20190703
_lUCH01
_h0925
590 _aE5765TAJ
_b05
_c20190703
_lUCH01
_h0926
650 1 4 _aQueso artesanal
_xAspectos económicos.
_9136366
650 1 4 _aQueso artesanal
_xMercadeo.
_9136364
650 1 4 _aQueso artesanal
_xProducción.
_9136365
856 _aFinding aid
_uhttp://10.13.5.2/tesis/sist115762.pdf
_zTeclea aquí
901 _aBK
942 _cTESIS
942 _n0
999 _c112223
_d112223